000 00539nai a22001817a 4500
003 OSt
005 20180717112815.0
008 180614b xxu||||| |||| 00| 0 eng d
022 _a0009-7322
040 _aBMC
_cBMC
082 _a612.1
245 0 0 _aCirculation
_cJames T. Willerson, editor
260 _aPhiladelphia
_bJournal of the American Heart Association
_c2000
300 _a4 v.
_c28 cm
490 _aJournal of the American Heart Association
_vV. 101, 102 (1,2,3,4)
650 2 4 _9789
_aCirculación sanguínea
942 _2ddc
_cPR
999 _c29506
_d29506